Bastia - Choix multiples - Statistiques

Statistiques générales
  • Ce quiz a été pris 25 fois
  • Le résultat moyen est 5 sur 10
Statistiques - réponses
Question Réponse % Correct
Quel gardien de but de l'Olympique de Marseille est né à Bastia en 1961? Pascal Olmeta
95%
Quelle île se situe à environ 50km à l'ouest de la ville de Bastia? Île d'Elbe
85%
Avec quel poisson cuisine t'on le baccalà, spécialité de la ville? La morue
75%
Qui fut le maire de la ville de Bastia, du 5 avril 2014 au 7 janvier 2016? Gilles Simeoni
55%
Dans quel quartier de Bastia peut-on trouver de nombreuses administrations (préfecture de Haute-Corse, CPAM, impôts, ...)? Le Fangu
55%
Quelle épidémie s'est abattue sur la ville de Bastia en 1837? Le choléra
35%
En quelle année, Bastia fut-elle une ville-étape du Tour de France? 2013
20%
Lors de la Seconde guerre mondiale, à quelle date la ville de Bastia fut elle libérée? 4 octobre 1943
20%
Des ossements de quel animal ont permis d'authentifier une présence humaine à Bastia au néolithique? Un lièvre
20%
En 2011, le port de Bastia est considéré comme le deuxième port en nombre de passagers. Quel port est le premier? Calais
5%
Aucun quiz correspondant
Distribution des résultats
% des personnes avec chaque résultat
Percentile par nombre de réponses
Votre historique - résultats
Vous n’avez pas pris ce quiz